000
00253nam a2200109Ia 4500
008
190911s9999||||xx |||||||||||||| ||und||
100
_a
Lui, C.H
245
0
_a
Elements of Discrete Mathematics
260
_a
UK
_b
Pearson
_c
2000
300
_a
358
942
_c
BK
999
_c
6631
_d
6631